00282nam a22001217a 4500008004100000041000800041080001000049100000600059101001100065245005500076942001200131999001700143180421b xxu||||| |||| 00| 0 eng d aeng a043.3 a0 aARK-BA aAnaliza e Materialeve te Perdorura- VILEcGashi, B 2udccBK c45410d45410